[Event "Seattle Seafair Open"]
[Site "Chess.com"]
[Date "2020.07.18"]
[Round "?"]
[White "Whale, Nicholas"]
[Black "Bernadskiy, Vitaliy"]
[Result "1-0"]
[WhiteElo "2065"]
[BlackElo "2702"]
[PlyCount "79"]
[EventDate "2020.??.??"]

1. e4 c5 2. Nf3 Nc6 3. d4 cxd4 4. Nxd4 Nf6 5. Nc3 e5 6. Ndb5 d6 7. Bg5 a6 8.
Na3 b5 9. Nd5 Be7 10. Bxf6 Bxf6 11. c3 Ne7 12. Nxf6+ gxf6 13. Nc2 Bb7 14. Bd3
d5 15. f3 Qb6 16. Qe2 O-O-O 17. O-O-O Kb8 18. Kb1 Rd6 19. Qe3 Qc7 20. Rd2 Rhd8
21. Rhd1 Ng6 22. g3 Qd7 23. Kc1 Nf8 24. exd5 Rxd5 25. Be4 Rxd2 26. Rxd2 Qxd2+
27. Qxd2 Rxd2 28. Kxd2 Bc8 29. Ne3 Be6 30. b3 Kc7 31. Nd5+ Bxd5 32. Bxd5 Ne6
33. Bxe6 fxe6 34. Kd3 Kd6 35. c4 f5 36. cxb5 axb5 37. a4 bxa4 38. bxa4 Kd5 39.
g4 Kc5 40. g5 1-0

[Event "Seattle Seafair Open"]
[Site "Chess.com"]
[Date "2020.07.18"]
[Round "?"]
[White "Whale, Nicholas"]
[Black "Kaur, Jind"]
[Result "1-0"]
[WhiteElo "2065"]
[BlackElo "1336"]
[PlyCount "91"]
[EventDate "2020.??.??"]

1. e4 c5 2. Nf3 Nc6 3. Bb5 g6 4. O-O Bg7 5. c3 d5 6. Qa4 Qd6 7. e5 Qc7 8. d3
Nh6 9. Bf4 O-O 10. e6 Qxf4 11. Qxf4 Bxe6 12. Bxc6 bxc6 13. d4 c4 14. b4 Nf5 15.
Ne5 Rab8 16. Nxc6 Rb6 17. Ne5 Bh6 18. Qf3 Bg7 19. Re1 Bxe5 20. Rxe5 f6 21. Re1
Nh4 22. Qg3 Nf5 23. Qc7 Ra6 24. b5 Rd6 25. Nd2 Ra8 26. g4 Ng7 27. Qxe7 Rdd8 28.
h3 Rf8 29. Qd6 Rad8 30. Qa6 Ra8 31. Rxe6 Nxe6 32. Qxe6+ Kg7 33. Re1 Rf7 34.
Qxd5 Raf8 35. Nxc4 a6 36. bxa6 Kg8 37. Re7 Kg7 38. Rxf7+ Rxf7 39. Qxf7+ Kxf7
40. a7 Ke6 41. a8=Q Ke7 42. Qc6 Kf7 43. Qd7+ Kf8 44. Nd6 Kg8 45. Qf7+ Kh8 46.
Qf8# 1-0

[Event "Seattle Seafair Open"]
[Site "Chess.com"]
[Date "2020.07.19"]
[Round "?"]
[White "Whale, Nicholas"]
[Black "Roesch, Carson"]
[Result "1/2-1/2"]
[WhiteElo "2065"]
[BlackElo "1519"]
[PlyCount "86"]
[EventDate "2020.??.??"]

1. Nf3 Nf6 2. c4 g6 3. Nc3 Bg7 4. g3 O-O 5. Bg2 c6 6. O-O d5 7. d4 Nbd7 8. b3
Ne4 9. Qc2 Ndf6 10. Nd2 Bf5 11. Ndxe4 Nxe4 12. Nxe4 Bxd4 13. Bb2 Bxb2 14. Qxb2
Bxe4 15. Bxe4 dxe4 16. Qe5 e6 17. Qxe4 Qe7 18. Rfd1 Rad8 19. h4 Rxd1+ 20. Rxd1
Rd8 21. Rd4 Rxd4 22. Qxd4 c5 23. Qe5 b6 24. h5 f6 25. Qb8+ Kg7 26. hxg6 hxg6
27. e4 e5 28. Qa8 Qd7 29. Qd5 Qe7 30. Kg2 Kh7 31. f4 Kg7 32. Kf3 Kh7 33. f5
gxf5 34. exf5 Kg7 35. Qe4 Qd7 36. Qg4+ Kf8 37. Qg6 Qd3+ 38. Kg2 Qe2+ 39. Kh3
Qf1+ 40. Kh2 Qf2+ 41. Kh3 Qf1+ 42. Kh2 Qf2+ 43. Kh3 Qf1+ 1/2-1/2

[Event "Seattle Seafair Open"]
[Site "Chess.com"]
[Date "2020.07.19"]
[Round "?"]
[White "Willy, Stephen"]
[Black "Lankipalle, Sravyasri"]
[Result "0-1"]
[WhiteElo "1137"]
[BlackElo "1452"]
[PlyCount "100"]
[EventDate "2020.??.??"]

1. e4 c6 2. d4 d5 3. exd5 cxd5 4. c4 Nf6 5. Nc3 e6 6. Nf3 Bb4 7. c5 Ne4 8. Bd2
Qa5 9. Qc2 Bd7 10. Nxe4 dxe4 11. Qxe4 Bxd2+ 12. Nxd2 Bc6 13. Qc2 Qb4 14. a3
Qxd4 15. Rd1 Qe5+ 16. Be2 O-O 17. Nf3 Bxf3 18. gxf3 Nc6 19. O-O Nd4 20. Rxd4
Qxd4 21. Kh1 Rfd8 22. Rg1 Qxf2 23. Rg2 Qe1+ 24. Rg1 Qd2 25. Qe4 Qxb2 26. Bd3 g6
27. Bb1 Rab8 28. h4 Qd4 29. Qe1 Qxc5 30. Rg5 Qd4 31. Bc2 Qd2 32. Qb1 Rbc8 33.
Rg2 Qf4 34. h5 Qxf3 35. hxg6 hxg6 36. Kg1 Qe3+ 37. Kh1 Rd2 38. Rxd2 Qxd2 39.
Bxg6 Rc1+ 40. Qxc1 Qxc1+ 41. Kh2 fxg6 42. Kg3 Qxa3+ 43. Kf2 b5 44. Ke2 Qc3 45.
Kd1 b4 46. Ke2 b3 47. Kd1 b2 48. Ke2 b1=R 49. Kf2 Rb2+ 50. Kf1 Qc1# 0-1

[Event "Seattle Seafair Open"]
[Site "Chess.com"]
[Date "2020.07.18"]
[Round "?"]
[White "Willy, Stephen"]
[Black "Boey, Chad"]
[Result "1-0"]
[WhiteElo "1137"]
[BlackElo "1496"]
[PlyCount "59"]
[EventDate "2020.??.??"]

1. e4 e5 2. Nf3 d6 3. Bc4 Bg4 4. Nc3 Nf6 5. d3 Be7 6. h3 Bh5 7. g4 Bg6 8. Rg1
Qd7 9. Be3 Nc6 10. a3 O-O-O 11. Bb5 a6 12. Ba4 h6 13. b4 b5 14. Bb3 Rhe8 15. a4
Nxb4 16. axb5 Kb7 17. bxa6+ Nxa6 18. Rxa6 Ra8 19. Ba4 Rxa6 20. Bxd7 Nxd7 21.
Qb1+ Nb6 22. Ke2 Rea8 23. Qb2 c5 24. Nd5 Bd8 25. Nd2 Kc6 26. Rb1 Bc7 27. Qb5+
Kb7 28. Qd7 Rc8 29. Nc4 Kb8 30. Ndxb6 1-0

[Event "Seattle Seafair Open"]
[Site "Chess.com"]
[Date "2020.07.18"]
[Round "?"]
[White "Wong-Godfrey, Emerson"]
[Black "Ingram, Richard"]
[Result "1/2-1/2"]
[WhiteElo "1114"]
[BlackElo "1880"]
[PlyCount "55"]
[EventDate "2020.??.??"]

1. e4 c5 2. Nf3 Nc6 3. c3 d5 4. exd5 Qxd5 5. d4 e6 6. Be3 cxd4 7. cxd4 Bb4+ 8.
Nc3 Nf6 9. Bd3 h6 10. O-O Qd8 11. Rc1 O-O 12. Ne5 Nxe5 13. dxe5 Bxc3 14. bxc3
Nd5 15. Qe2 Nxe3 16. Qxe3 Qe7 17. Rfd1 f5 18. f4 b6 19. g4 g6 20. h3 Bb7 21.
Be2 Rad8 22. Qg3 Kh7 23. Kh2 Rxd1 24. Rxd1 Rd8 25. Rxd8 Qxd8 26. Qd3 Qd5 27.
Qxd5 Bxd5 28. a3 1/2-1/2

[Event "Seattle Seafair Open"]
[Site "Chess.com"]
[Date "2020.07.19"]
[Round "?"]
[White "Wong-Godfrey, Emerson"]
[Black "Lopez, Francisco"]
[Result "1-0"]
[WhiteElo "1114"]
[BlackElo "1778"]
[PlyCount "141"]
[EventDate "2020.??.??"]

1. e4 e5 2. Nf3 Nc6 3. Bb5 Bc5 4. O-O Nd4 5. Nxd4 Bxd4 6. c3 Bb6 7. d4 Qf6 8.
Be3 Ne7 9. Qd2 O-O 10. f4 exd4 11. cxd4 d5 12. e5 Qg6 13. Bd3 Bf5 14. Bxf5 Nxf5
15. Nc3 c6 16. Rac1 h5 17. Kh1 Rfe8 18. Rcd1 f6 19. Qd3 Kf7 20. Ne2 h4 21. Bf2
Rh8 22. Ng1 Raf8 23. Nh3 Ke6 24. Rfe1 Kd7 25. e6+ Kc8 26. b4 Qg4 27. b5 Ne7 28.
Qa3 Re8 29. Rc1 Kb8 30. bxc6 Nxc6 31. e7 Qd7 32. Qd3 Rxe7 33. Rxe7 Nxe7 34. Qd1
Nc6 35. a3 Qe6 36. Qd3 Qg4 37. Re1 Rd8 38. Ng1 Qxf4 39. Nh3 Qh6 40. Be3 Qh8 41.
Bf4+ Ka8 42. Be3 g5 43. Nf2 Qe8 44. Re2 Qf7 45. h3 Re8 46. Ng4 a6 47. Nh6 Qe6
48. Nf5 Ka7 49. Ng7 Qe7 50. Nxe8 Qxe8 51. Bxg5 Qf8 52. Bxh4 Nxd4 53. Rf2 Qh6
54. Bxf6 Nb5 55. Rf1 d4 56. Be7 Nc3 57. Bf8 Qe6 58. Bg7 Qa2 59. Bxd4 Na4 60.
Qe3 Qc4 61. Bxb6+ Nxb6 62. Rf6 Qc7 63. Rxb6 Qxb6 64. Qxb6+ Kxb6 65. h4 Kc5 66.
h5 b5 67. h6 a5 68. h7 b4 69. axb4+ axb4 70. h8=Q Kc4 71. Qb2 1-0

[Event "Seattle Seafair Open"]
[Site "Chess.com"]
[Date "2020.07.18"]
[Round "?"]
[White "Zhang, Ethan"]
[Black "Beck, Alec"]
[Result "0-1"]
[WhiteElo "1169"]
[BlackElo "1942"]
[PlyCount "86"]
[EventDate "2020.??.??"]

1. d4 Nf6 2. c4 g6 3. Nc3 Bg7 4. Nf3 O-O 5. Bg5 d6 6. e3 h6 7. Bh4 c6 8. Bd3
Nbd7 9. O-O Qe8 10. Re1 e5 11. b4 e4 12. Bxf6 Nxf6 13. Bc2 exf3 14. Qxf3 Bg4
15. Qg3 Qd7 16. h3 Be6 17. Bd3 d5 18. cxd5 cxd5 19. Rac1 Rac8 20. Nb5 a6 21.
Rxc8 Rxc8 22. Nd6 Rd8 23. Nxb7 Qxb7 24. a3 Rc8 25. Qd6 Bf8 26. Qg3 Qc7 27. Qf3
Kg7 28. Bxa6 Ra8 29. Qe2 Qb6 30. b5 Bxa3 31. Ra1 Bd6 32. Rc1 Bd7 33. f3 Rb8 34.
e4 Qxd4+ 35. Kh1 Nh5 36. Qe1 Ng3+ 37. Qxg3 Bxg3 38. b6 Qd2 39. Rf1 Bxh3 40. Rg1
Rxb6 41. Bf1 Rb1 42. exd5 Rxf1 43. d6 Qxg2# 0-1

[Event "Seattle Seafair Open"]
[Site "Chess.com"]
[Date "2020.07.18"]
[Round "?"]
[White "Zhang, Ethan"]
[Black "Jones, Davey"]
[Result "1-0"]
[WhiteElo "1169"]
[BlackElo "1819"]
[PlyCount "85"]
[EventDate "2020.??.??"]

1. d4 Nf6 2. c4 c5 3. d5 e6 4. Nc3 exd5 5. cxd5 d6 6. e4 g6 7. Bg5 Bg7 8. Nf3
a6 9. Bc4 b5 10. Be2 O-O 11. O-O Bg4 12. h3 Bxf3 13. Bxf3 Nbd7 14. a4 b4 15.
Nb1 Qc7 16. Nd2 Rfe8 17. Qe2 Nxd5 18. Qc4 N5b6 19. Qc2 Ne5 20. Bf4 Rac8 21. Be2
Qb7 22. a5 Na8 23. Bxe5 Bxe5 24. f4 Bd4+ 25. Kh1 Nc7 26. Nc4 Nb5 27. Nb6 Rcd8
28. Bxb5 axb5 29. Qd3 Qxe4 30. Qxb5 Bxb2 31. Rae1 Qxe1 32. Rxe1 Rxe1+ 33. Kh2
Rde8 34. a6 Bc1 35. Kg3 R8e3+ 36. Kg4 Kg7 37. a7 h5+ 38. Kh4 Bb2 39. Nd7 Ra1
40. Qb8 Rea3 41. Qf8+ Kh7 42. Qxf7+ Kh6 43. Nf8 1-0

[Event "Seattle Seafair Open"]
[Site "Chess.com"]
[Date "2020.07.18"]
[Round "?"]
[White "Zhang, Iris"]
[Black "Zhang, Michael"]
[Result "1-0"]
[WhiteElo "1387"]
[BlackElo "977"]
[PlyCount "49"]
[EventDate "2020.??.??"]

1. e4 e5 2. Nf3 Nc6 3. Nc3 Nf6 4. d4 exd4 5. Nxd4 Qe7 6. Nf5 Qe6 7. f3 Bb4 8.
Nxg7+ Kf8 9. Nxe6+ fxe6 10. Bh6+ Kf7 11. Bc4 a6 12. a3 Bxc3+ 13. bxc3 Ne5 14.
Bb3 b5 15. Qd4 d6 16. Bg5 c5 17. Qxd6 Nc4 18. Bxc4 bxc4 19. e5 Ne8 20. Qe7+ Kg8
21. Qxe8+ Kg7 22. Bf6+ Kh6 23. Qxh8 Kg6 24. Qg7+ Kf5 25. Qg5# 1-0

[Event "Seattle Seafair Open"]
[Site "Chess.com"]
[Date "2020.07.19"]
[Round "?"]
[White "Zhang, Iris"]
[Black "Ruff, Lois"]
[Result "1-0"]
[WhiteElo "1387"]
[BlackElo "1027"]
[PlyCount "109"]
[EventDate "2020.??.??"]

1. e4 c5 2. Nf3 e6 3. c3 Nf6 4. Bd3 d5 5. e5 Nfd7 6. O-O Be7 7. Bc2 Nc6 8. d4
cxd4 9. cxd4 Bf8 10. Nc3 Nb4 11. Ba4 a6 12. a3 b5 13. Bb3 Nc6 14. Bf4 g6 15.
Rc1 Bb7 16. Ba2 Bg7 17. b4 O-O 18. Qd2 Re8 19. Bh6 Bh8 20. h4 Qb6 21. h5 Nf8
22. Kh2 a5 23. bxa5 Nxa5 24. Bg5 Nc4 25. Bxc4 bxc4 26. Bf6 Rxa3 27. Bxh8 Kxh8
28. Qf4 Nd7 29. Qxf7 Rf8 30. Qxd7 Bc8 31. Qe7 Qd8 32. Qxa3 Rxf3 33. Kg1 Qg5 34.
Qa8 Rf8 35. Nb5 Qxh5 36. Nd6 Qh6 37. Nf7+ Rxf7 38. Qxc8+ Rf8 39. Qxe6 Qd2 40.
Rcd1 Qf4 41. Qxd5 c3 42. Qf3 c2 43. Rc1 Qxf3 44. gxf3 Rxf3 45. Rxc2 Rd3 46. e6
Rxd4 47. Re1 Rg4+ 48. Kf1 Kg7 49. e7 Rh4 50. e8=Q Rh1+ 51. Kg2 Rxe1 52. Qxe1
Kh6 53. Qe3+ g5 54. Rc6+ Kh5 55. Qh3# 1-0

[Event "Seattle Seafair Open"]
[Site "Chess.com"]
[Date "2020.07.18"]
[Round "?"]
[White "Zhang, Michael"]
[Black "Vemparala, Nikash"]
[Result "0-1"]
[WhiteElo "977"]
[BlackElo "1684"]
[PlyCount "76"]
[EventDate "2020.??.??"]

1. e4 e5 2. Nf3 Nc6 3. Nc3 Nf6 4. Bb5 Bd6 5. d4 exd4 6. Nxd4 Nxd4 7. Qxd4 Qe7
8. O-O O-O 9. Bg5 Bxh2+ 10. Kh1 Be5 11. Nd5 Qe6 12. Nxf6+ gxf6 13. Qe3 fxg5 14.
Qxg5+ Bg7 15. Rfe1 Qh6+ 16. Qxh6 Bxh6 17. Red1 d6 18. Rd3 Be6 19. Rg3+ Kh8 20.
Rh3 Bxh3 21. gxh3 a6 22. Bc4 Rae8 23. Re1 f5 24. f3 fxe4 25. fxe4 Rf4 26. Bd3
d5 27. e5 Bg7 28. e6 Rf6 29. e7 Rf7 30. Rb1 Rfxe7 31. Kh2 Be5+ 32. Kg2 Rf8 33.
Re1 Rg7+ 34. Kh1 Rf3 35. Bf1 Bd6 36. Re8+ Rg8 37. Re1 Rf2 38. Re2 Rxf1# 0-1

[Event "Seattle Seafair Open"]
[Site "Chess.com"]
[Date "2020.07.19"]
[Round "?"]
[White "Zhang, Michelle"]
[Black "Jammalamadaka, Varnika"]
[Result "0-1"]
[WhiteElo "1267"]
[BlackElo "1537"]
[PlyCount "92"]
[EventDate "2020.??.??"]

1. e4 c5 2. Nf3 Nc6 3. d4 cxd4 4. Nxd4 Nf6 5. Nc3 e5 6. Ndb5 d6 7. Bg5 a6 8.
Na3 b5 9. Nd5 Be7 10. Bxf6 Bxf6 11. c4 b4 12. Nc2 a5 13. Be2 O-O 14. O-O Bg5
15. Kh1 Kh8 16. Bg4 Ne7 17. Nce3 Bxe3 18. Nxe3 Bb7 19. Bf3 Rb8 20. Qd2 f5 21.
Qd3 fxe4 22. Bxe4 Bxe4 23. Qxe4 Rf4 24. Qc2 Rc8 25. b3 d5 26. Rad1 d4 27. Kg1
Qf8 28. g3 Rf6 29. Ng2 Nf5 30. Qb2 Qc5 31. Qe2 Re8 32. Rfe1 Qd6 33. Rf1 Rd8 34.
Rfe1 Re8 35. Rf1 Rfe6 36. Rfe1 Qc6 37. Qh5 g6 38. Qe2 Qd6 39. Qe4 Rd8 40. Nh4
Nxh4 41. Qxh4 Rde8 42. Re4 Qc6 43. Rg4 Qf3 44. Rf1 d3 45. Re4 d2 46. Re3 d1=Q
0-1

[Event "Seattle Seafair Open"]
[Site "Chess.com"]
[Date "2020.07.18"]
[Round "?"]
[White "Zhang, Michelle"]
[Black "Tameling, Benton"]
[Result "1-0"]
[WhiteElo "1267"]
[BlackElo "792"]
[PlyCount "59"]
[EventDate "2020.??.??"]

1. e4 e6 2. d4 d5 3. Nd2 Nf6 4. e5 Ne4 5. Nxe4 dxe4 6. c3 c5 7. Be3 cxd4 8.
Bxd4 Nc6 9. Bb5 Bd7 10. Ne2 a6 11. Ba4 Nxd4 12. Bxd7+ Qxd7 13. cxd4 Bb4+ 14.
Nc3 Rd8 15. a3 Ba5 16. b4 Bb6 17. Nxe4 Qxd4 18. Qxd4 Bxd4 19. Nd6+ Ke7 20. Rd1
Bc3+ 21. Ke2 Rb8 22. f4 Bb2 23. a4 b5 24. axb5 axb5 25. Rb1 Bd4 26. Kd3 Ba7 27.
Rhc1 h5 28. Rc7+ Kd8 29. Rxa7 Rh6 30. Nxf7+ 1-0

[Event "Seattle Seafair Open"]
[Site "Chess.com"]
[Date "2020.07.18"]
[Round "?"]
[White "Zhang, Zachary T."]
[Black "Brown, Northern"]
[Result "1-0"]
[WhiteElo "1863"]
[BlackElo "1480"]
[PlyCount "61"]
[EventDate "2020.??.??"]

1. d4 g6 2. Nf3 Bg7 3. g3 c5 4. Bg2 d5 5. O-O Nc6 6. dxc5 Bf5 7. c3 Rc8 8. Qb3
Qd7 9. Rd1 Nf6 10. Bg5 Na5 11. Qb4 Nc6 12. Qa4 Ne4 13. Be3 O-O 14. Nbd2 Qc7 15.
Nh4 Bd7 16. Nxe4 Nd4 17. Qxa7 Nb5 18. Qb6 dxe4 19. Qxc7 Rxc7 20. a4 Na7 21.
Bxe4 Bc6 22. Bg2 Bxg2 23. Nxg2 Nc6 24. Nf4 e6 25. Bd4 Na5 26. b4 Nb3 27. Rab1
Nxd4 28. cxd4 e5 29. dxe5 Bxe5 30. Nd5 Rcc8 31. Ne7+ 1-0

[Event "Seattle Seafair Open"]
[Site "Chess.com"]
[Date "2020.07.18"]
[Round "?"]
[White "Zhang, Zachary T."]
[Black "Shen, Lixing"]
[Result "1-0"]
[WhiteElo "1863"]
[BlackElo "1083"]
[PlyCount "55"]
[EventDate "2020.??.??"]

1. d4 d5 2. Nf3 Nc6 3. e3 Bg4 4. c4 e6 5. Nc3 Bb4 6. Bd2 Nf6 7. h3 Bh5 8. a3
Bxc3 9. Bxc3 O-O 10. Be2 Re8 11. O-O Ne4 12. Qc2 Bg6 13. Bd3 Qe7 14. b4 a6 15.
b5 axb5 16. cxb5 Na7 17. Bb4 Qd7 18. Ne5 Qd8 19. Rfc1 f6 20. Nxg6 hxg6 21. Qxc7
Qxc7 22. Rxc7 Rab8 23. b6 Nc6 24. Bb5 Nxb4 25. Bxe8 Rxe8 26. axb4 Rb8 27. Rac1
Nd6 28. Re7 1-0

[Event "Seattle Seafair Open"]
[Site "Chess.com"]
[Date "2020.07.18"]
[Round "?"]
[White "Zhou, Leonardo"]
[Black "Gao, Daniel"]
[Result "0-1"]
[WhiteElo "1494"]
[BlackElo "1078"]
[PlyCount "159"]
[EventDate "2020.??.??"]

1. e4 c6 2. d4 d5 3. exd5 cxd5 4. Bd3 Nc6 5. c3 Nf6 6. h3 Bd7 7. Nf3 e6 8. Bf4
Be7 9. O-O O-O 10. Nbd2 a6 11. a4 Nh5 12. Bh2 Qc8 13. Ne5 Nf6 14. Ndf3 b6 15.
Qc2 g6 16. Bf4 Re8 17. Bh6 Bf8 18. Qc1 Bg7 19. Nh4 Qc7 20. Bxg7 Kxg7 21. Qg5
Qb7 22. Bxg6 hxg6 23. Nhxg6 Ne4 24. Qh5 Rg8 25. Qg4 Nf6 26. Qg3 Ne4 27. Qf4
fxg6 28. Qf7+ Kh8 29. Nxg6+ Rxg6 30. Qxg6 Ne7 31. Qh5+ Kg8 32. Rfe1 Kf8 33. Re3
Nf5 34. Rf3 Be8 35. Qh8+ Ke7 36. g4 Nfd6 37. Qf8+ Kd8 38. h4 Qe7 39. Qxe7+ Kxe7
40. h5 Ng5 41. Re3 Bd7 42. Kg2 Rf8 43. Rh1 Nde4 44. Rf1 Nf3 45. Rh1 Nfg5 46. h6
Rxf2+ 47. Kg1 Rf7 48. c4 Rh7 49. cxd5 exd5 50. Rh5 Kd6 51. Rh4 Nf7 52. Rb3 Kc7
53. Rf3 Rxh6 54. Rxh6 Nxh6 55. Rf1 Nxg4 56. Rc1+ Kb7 57. b3 Nd2 58. Rc3 Nh6 59.
Rd3 Ne4 60. Kf1 Nf5 61. Ke1 Ng5 62. Kf2 Ne6 63. Ke2 Nfxd4+ 64. Kd2 Bc6 65. Kc1
Nxb3+ 66. Rxb3 Bxa4 67. Rd3 Bc6 68. Re3 Nc7 69. Re7 b5 70. Kb2 Kb6 71. Kb3 a5
72. Ka3 b4+ 73. Kb3 Na6 74. Re1 Kb5 75. Rc1 a4+ 76. Kc2 Nc5 77. Ra1 d4 78. Kd1
d3 79. Ra2 b3 80. Rh2 0-1

[Event "Seattle Seafair Open"]
[Site "Chess.com"]
[Date "2020.07.19"]
[Round "?"]
[White "Zhou, Leonardo"]
[Black "Liu, Morris"]
[Result "1-0"]
[WhiteElo "1494"]
[BlackElo "101"]
[PlyCount "33"]
[EventDate "2020.??.??"]

1. e4 e5 2. Nf3 Nc6 3. Bb5 Bc5 4. O-O Nf6 5. Bxc6 bxc6 6. Nxe5 O-O 7. d4 Bb6 8.
Nc3 d5 9. Nxc6 Qd6 10. exd5 Bg4 11. f3 Bf5 12. Nb5 Qxd5 13. Ne7+ Kh8 14. Nxd5
Nxd5 15. c3 a6 16. Na3 Rfe8 17. Re1 1-0

[Event "Seattle Seafair Open"]
[Site "Chess.com"]
[Date "2020.07.19"]
[Round "?"]
[White "Zhu, Florina"]
[Black "Jiang, Brandon"]
[Result "0-1"]
[WhiteElo "1506"]
[BlackElo "2110"]
[PlyCount "84"]
[EventDate "2020.??.??"]

1. e4 c5 2. Nf3 Nc6 3. d4 cxd4 4. Nxd4 Nf6 5. Nc3 e5 6. Ndb5 d6 7. Bg5 a6 8.
Na3 b5 9. Nd5 Be7 10. Bxf6 Bxf6 11. c3 O-O 12. Nc2 Bg5 13. Be2 Kh8 14. O-O f5
15. f3 f4 16. Ne1 Bh4 17. Nd3 Bg3 18. Nf2 Qh4 19. h3 Ra7 20. Nb6 Qf6 21. Nxc8
Rxc8 22. Nh1 Bh4 23. Kh2 Rd8 24. g3 fxg3+ 25. Nxg3 Rad7 26. Nf5 Bg5 27. Rg1
Bf4+ 28. Kh1 g6 29. Ne3 Bxe3 30. Rg4 d5 31. Qd3 d4 32. c4 bxc4 33. Qxc4 d3 34.
Bd1 h5 35. Rg2 Qh4 36. Bb3 Qxh3+ 37. Rh2 Qxf3+ 38. Rg2 d2 39. Rf1 d1=Q 40. Bxd1
Rxd1 41. Qxc6 Rxf1+ 42. Kh2 Bf4+ 0-1

[Event "Seattle Seafair Open"]
[Site "Chess.com"]
[Date "2020.07.18"]
[Round "?"]
[White "Zhu, Florina"]
[Black "Sripathi, Prajna"]
[Result "1-0"]
[WhiteElo "1506"]
[BlackElo "834"]
[PlyCount "115"]
[EventDate "2020.??.??"]

1. e4 e5 2. Nf3 Nc6 3. d4 exd4 4. Nxd4 Bc5 5. Be3 Qf6 6. c3 a5 7. Na3 Nxd4 8.
Bxd4 Bxd4 9. Qxd4 Qxd4 10. cxd4 c6 11. Nc4 Ne7 12. Nd6+ Kf8 13. Bc4 f6 14. f4
b5 15. Bf7 h5 16. f5 Ba6 17. O-O Nc8 18. Nxc8 Kxf7 19. Nd6+ Ke7 20. e5 Rhf8 21.
Rae1 b4 22. Rf2 a4 23. Rf3 fxe5 24. dxe5 Rab8 25. Ne4 Bc4 26. f6+ gxf6 27.
exf6+ Kd8 28. Nd6 Be6 29. Re5 Kc7 30. Ne4 Bxa2 31. Nc5 Ra8 32. Re7 Kc8 33. Nxd7
Ra6 34. Nxf8 a3 35. b3 Bxb3 36. Re8+ Kb7 37. Nd7 Ra5 38. Rxb3 a2 39. Re1 a1=Q
40. Rxa1 Rxa1+ 41. Kf2 Ra2+ 42. Ke3 Ra3 43. Rxa3 bxa3 44. f7 a2 45. Nc5+ Kb6
46. Nb3 Kb5 47. f8=Q Ka4 48. Na1 Kb5 49. Qa3 h4 50. Qxa2 c5 51. Qb3+ Kc6 52.
Qc4 h3 53. gxh3 Kb7 54. Qxc5 Ka8 55. Qe7 Kb8 56. Nb3 Kc8 57. Nc5 Kb8 58. Qb7#
1-0

[Event "Seattle Seafair Open"]
[Site "Chess.com"]
[Date "2020.07.19"]
[Round "?"]
[White "Zhuang, Kyle"]
[Black "Li, Emma"]
[Result "1-0"]
[WhiteElo "1637"]
[BlackElo "1342"]
[PlyCount "67"]
[EventDate "2020.??.??"]

1. e4 e5 2. Nf3 Nc6 3. Bb5 a6 4. Ba4 Nf6 5. Qe2 Bc5 6. d3 d6 7. c3 O-O 8. O-O
h6 9. Nbd2 Be6 10. h3 b5 11. Bc2 Qd7 12. Re1 Rfe8 13. Nf1 Rad8 14. Be3 Bb6 15.
Ng3 Ne7 16. d4 Bc4 17. Qd2 b4 18. cxb4 Ng6 19. d5 Qc8 20. a4 Bxe3 21. fxe3 Bxd5
22. exd5 e4 23. Nd4 Re5 24. Bb3 Rde8 25. Rf1 Nxd5 26. Rf5 Nh4 27. Bxd5 Nxf5 28.
Ndxf5 Rxf5 29. Nxf5 Qxf5 30. Rf1 Qg6 31. Bxf7+ Qxf7 32. Rxf7 Kxf7 33. Qd5+ Kg6
34. Qb7 1-0

[Event "Seattle Seafair Open"]
[Site "Chess.com"]
[Date "2020.07.18"]
[Round "?"]
[White "Zhuang, Kyle"]
[Black "Whale, Nicholas"]
[Result "0-1"]
[WhiteElo "1637"]
[BlackElo "2065"]
[PlyCount "80"]
[EventDate "2020.??.??"]

1. e4 c6 2. d4 d5 3. Nd2 dxe4 4. Nxe4 Nf6 5. Nxf6+ exf6 6. c3 Bd6 7. Bd3 O-O 8.
Qc2 Re8+ 9. Ne2 g6 10. Bd2 Nd7 11. h4 Nf8 12. O-O-O Be6 13. Kb1 b5 14. h5 Qa5
15. b3 Qc7 16. hxg6 fxg6 17. Rde1 a5 18. Bc1 Reb8 19. Bb2 Qf7 20. Ng3 Bxg3 21.
fxg3 a4 22. Rxe6 Qxe6 23. Rd1 axb3 24. axb3 Qg4 25. Be4 Ra6 26. d5 c5 27. d6
Rd8 28. Bd5+ Kg7 29. Rf1 c4 30. Qf2 Raxd6 31. Bf3 Qf5+ 32. Kc1 Qg5+ 33. Kb1 Rd2
34. Qa7+ R8d7 35. Qa3 Qf5+ 36. Ka1 cxb3 37. Rb1 Qe6 38. g4 R7d6 39. Bb7 Rb6 40.
Qa7 Rd7 0-1